Tribonacci sequence (first 15 numbers) - Statistics

General Stats
  • This quiz has been taken 24 times
  • The average score is 11 of 15
Answer Stats
Answer % Correct
1
100%
1
89%
13
89%
2
89%
24
89%
4
89%
44
89%
7
89%
81
83%
149
72%
274
67%
504
67%
927
56%
1705
39%
3136
11%
No matching quizzes found
Score Distribution
Percent of People with Each Score
Percentile by Number Answered
Your Score History
You have not taken this quiz